| 000 | 00718nam a2200265 a 4500 | ||
|---|---|---|---|
| 003 | AR-BaBNM | ||
| 005 | 20251128203029.0 | ||
| 008 | 082120s2002 ||||||||||||||000 | spa|| | ||
| 040 | _cAR-BaBNM | ||
| 100 | 1 | _aNágera, Juan José | |
| 245 | 0 | 0 | _aPuntas de Santa María del Buen Aire |
| 250 | _a2ª ed. | ||
| 260 |
_aBuenos Aires _bMunicipalidad de la Ciudad de Buenos Aires _c1971 |
||
| 300 |
_a45 p. _bil. |
||
| 490 | 0 |
_aCuadernos de Buenos Aires _vv. 4 |
|
| 650 | 4 | _aHISTORIA ARGENTINA | |
| 650 | 4 | _aHISTORIA DE BUENOS AIRES | |
| 650 | 4 | _aGEOLOGIA | |
| 650 | 4 | _aINGENIERIA | |
| 650 | 4 | _aARQUITECTURA | |
| 650 | 4 | _aBARRIOS | |
| 651 | 4 | _aBuenos Aires [Capital Federal] | |
| 942 | _cBK | ||
| 998 | _cMARTIN | ||
| 999 |
_c1584 _d1584 |
||